000 00997nam a22003017a 4500
001 BR0401972
003 BR-BrBNA
005 20230928101601.0
007 ta
008 230509b bl.||||| |||| 00| 0 por d
040 _aBR-BrBNA
_bpor
_cBiblioteca Nacional de Agricultura
041 _a(Por)
072 _aH20
_b0930
_b4120
090 _ 0930 BR0401972
100 1 _aMarchi, C.E.
110 1 _aUniversidade Federal de Lavras, MG (Brasil)
_0Tese (Mestrado)
245 1 _aFungicidas protetores, sistêmicos e o indutor de resistência BTH no controle e no progresso da ferrugem (Cerotelium fici (cast.)Arth.)da figueira (Ficus carica L.)
260 3 _aLavras, MG (Brasil):
_c1999.
300 _a69 p.
500 _aSummaries (Eng, Por); Bibliography p. 55-60; 27 tables; 7 illus.
650 _aFIGO
650 _aFERRUGEM
650 _aFUNGICIDA SISTÊMICO
650 _aVARIEDADE RESISTENTE
650 _aCONTROLE QUÍMICO
909 _a202309
_bLucia
_c55
_dLucia Elande
942 _cBK
999 _c66553
_d66553